Piłka nożna - kluby z najwiekszym budżetem - Statystyki

Ogólne statystyki
  • Ten quiz został rozwiązany 27 573 razy
  • Średni wynik to 13 z 15
Statystyki odpowiedzi
Hint Odpowiedź % Poprawnych
Francuski PSG
98%
Hiszpański Real Madryt
97%
Niemiecki Bayern
96%
Angielski Manchester city
94%
Włoski Juventus
92%
Angielski Manchester United
91%
Angielski Liverpool
90%
Niemiecki Borussia
88%
Angielski Chelsea
86%
Hiszpański FC Barcelona
86%
Włoski Inter
86%
Angielski Arsenal
85%
Hiszpański Atletico Madryt
82%
Włoski Napoli
79%
Angielski Tottenham
75%
Nie znaleziono quizów pasujących do podanych kryteriów
Rozkład punktacji
Procent ludzi z każdym wynikiem
Percentyl według liczby udzielonych odpowiedzi
Twoja historia wyników
Nie rozwiązałeś tego quizu